000 01093nam0a2200313 4500
001 RU\NLR\BIBL_A\022436034
005 20250310170503.0
010 _a978-5-9614-9276-7
_93000
021 _aRU
_bКН-П-24-076431
_9КН-П-24-7630
035 _a(NLR Aleph) 022436034
090 _a13348313
_c13348313
100 _a20250127d2025 u y0rusy50 ca
101 1 _arus
_cund
102 _aRU
105 _ay z 000ay
181 0 _ai
_baxxe
182 0 _an
200 1 _aФлешбэк мечты
_fМорин Гу
_gпереводчик: Александра Глебовская
203 _aТекст
_bвизуальный
_cнепосредственный
210 _aМосква
_cАльпина Паблишер, Marshmallow Books (Лана Богомаз)
_d2025 (печ. 2024)
215 _a494, [1] с.
_d21
333 _a18+
686 1 _aШ6(7США)67-440.4{Лх1979-50}
700 1 _aГу
_bМ.
_gМорин
_3RU\NLR\AUTH\770197824
942 _cBOOK
980 _aNB